000 00789nam a22002175i 4500
001 165141
003 ES-MaACL
005 20251013214052.0
008 990705s1872 fr |||| | fre d
040 _aCCPB | B
_bspa
_cCCPB | B
245 0 3 _aUn séjour en France de 1792 a 1795
_b: lettres d'un témoin de la Révolution Française /
_ctraduites par H. Taine.
250 _aDeuxième édition.
260 _aParis :
_bLibrairie Hachette et Cie.,
_c1872 (
_fImp. Simon Raçon et Comp.)
300 _a[4], X, 301 p. ;
_c18 cm.
597 _aAntep.
651 4 _aFrancia-
_xHistoria-
_y1789-1799, Revolución
_9241176
700 1 _aTaine, Hippolyte,
_d1828-1893
_9109085
852 _aES-MaACL
_jF-11763
_z-- Enc. pasta española
999 _c165141
_d165141